000 00452nam a2200181Ia 4500
001 4584
005 20260306145806.0
008 260306t1988||||xx |||||||||||||| ||spa||
041 _aESP
082 _a326.946
_bC78
100 _aCortes Cortes, Fernando
_eAUT
245 0 _aEsclavos en la extremadura meridional del siglo XVII
260 _c1988
300 _a158 páginas :
_c23 cm.
650 _aGEN
654 _aCHU
942 _cLIB
_dJUS
_fJUS
_2ddc
_n
999 _c4584
_d4584